| 000 | 00383nam a2200181Ia 4500 | ||
|---|---|---|---|
| 003 | 0100 | ||
| 008 | 130307s9999 xx 000 0 und d | ||
| 040 | _cARRUPELIB | ||
| 050 | _aBX3702.B6 | ||
| 100 | _aBoehmer, H | ||
| 245 | 4 | _aThe Jesuits | |
| 245 | _ba historical study | ||
| 260 | _aPhiladelphia | ||
| 260 | _bCastle pr. | ||
| 260 | _c1928 | ||
| 300 | _a192p | ||
| 942 | 0 | 0 | _02 |
| 999 |
_c87475 _d87475 |
||